• 首页
  • 本馆介绍
  • 公告通知
  • 最新文献
  • 馆藏检索
  • 电子资源
  • 读者导购
  • 参考咨询
  • 我的图书馆
  • 登录
  • 详细信息显示
  • 放入我的书架
  • 预约/预借图书
  • 作者相关作品
  • 分类相关作品
  • 丛书相关作品
  • 出版社相关作品

书目信息

  • 表格格式
  • 工作单格式
  • 卡片格式
题名:
旅游天地
    
 
作者: 娄佃花 编
分册:  
出版信息: 北京   航空工业出版社  2019
页数: 193页
开本: 24cm
丛书名: 教师必备知识丛书
单 册:
中图分类: G633.55
科图分类:
主题词: 旅游--中小学--教学参考资料
电子资源:
ISBN: 978-7-5165-1634-8
000 00802nam0 2200241 450
001 2446470812
005 20240829125453.02
010    @a978-7-5165-1634-8@dCNY37.50
100    @a20190220d2019 em y0chiy0120 ea
101 0  @achi
102    @aCN@b110000
105    @aa z 000yy
200 1  @a旅游天地@9lv you tian di@b专著@f娄佃花编
210    @a北京@c航空工业出版社@d2019
215    @a193页@c图@d24cm
225 1  @a教师必备知识丛书
300    @a教师公文包
330    @a本书分为旅游导趣、旅游热线、旅途健康、旅游新时尚等部分,包括旅游胜地之最、夏季旅游的保健、洞穴旅游的卫生保健、登山旅游前的准备、马车旅游、狩猎旅游等内容。
606 0  @a旅游@x中小学@j教学参考资料
690    @aG633.55@v5
701  0 @a娄佃花@9lou dian hua@4编
801  2 @aCN@b58marc.cn@c20190324
905    @aZUCC@dG633.55@e219
    
    旅游天地/娄佃花编.-北京:航空工业出版社,2019
    193页:图;24cm.-(教师必备知识丛书)
    教师公文包
    
    ISBN 978-7-5165-1634-8:CNY37.50
    本书分为旅游导趣、旅游热线、旅途健康、旅游新时尚等部分,包括旅游胜地之最、夏季旅游的保健、洞穴旅游的卫生保健、登山旅游前的准备、马车旅游、狩猎旅游等内容。
●
相关链接 在五车中查询图书 在当当中查询图书 在豆瓣中查询图书


正题名:旅游天地     索取号:G633.55/219         预约/预借

序号 登录号 条形码 馆藏地/架位号 状态 备注
1 2001768727   2001768727   第四书库/四26架A面1层2列/ [索取号:G633.55/219] 在馆    
2 2001768728   2001768728   第四书库/四26架A面1层2列/ [索取号:G633.55/219] 在馆    
3 2001768729   2001768729   第四书库/四26架A面1层2列/ [索取号:G633.55/219] 在馆    
4 2001768730   2001768730   第四书库/四26架A面1层2列/ [索取号:G633.55/219] 在馆    
5 2001768731   2001768731   第四书库/四26架A面1层2列/ [索取号:G633.55/219] 在馆    
6 2001768732   2001768732   第四书库/四26架A面1层2列/ [索取号:G633.55/219] 在馆    
山东省滨州职业学院图书馆 欢迎您!
大连网信软件有限公司© 版权所有